Comedias, iii. el cartaginés -- pséudolo -- la maroma -- estico -- tres monedas --- truculento -- la comedia de la maleta -- fragmentos / introd., trad. y notas de mercedes gonzález-haba

Guardado en:
Autor Principal: Plauto, Tito Maccio
Otros Autores: González -haba, Mercedes, introd., trad. y notas
Formato: Libro
Publicado: Barcelona . Gredos, 2009.
Materias:
Etiquetas: Agregar Etiqueta
Sin Etiquetas, Sea el primero en etiquetar este registro!
LEADER 00789nam a22002055a 4500
001 EHU.bham045007
003 AR-BHAM
005 20171122153626.0
008 130507s2009##################000#0#####d
020 |a 9788447364336 
082 8 7 |a 872 
100 1 |a Plauto, Tito Maccio 
245 1 0 |a Comedias, iii. el cartaginés -- pséudolo -- la maroma -- estico -- tres monedas --- truculento -- la comedia de la maleta -- fragmentos /  |b introd., trad. y notas de mercedes gonzález-haba  |c  Tito Maccio Plauto : 
260 |a Barcelona . Gredos,  |c 2009. 
300 |a 461 p. 
653 |a Comedia latina 
653 |a Teatro latino 
653 |a Literatura latina 
700 1 |a González -haba, Mercedes, introd., trad. y notas 
859 |a AR-BHAM  |b BIB. HUMANIDADES - General  |h 872  |i P698-8  |p 421.17  |t Ej.1  |v III  |3 III